Vista normal
Vista MARC
Entrada Materia (personas)
Número de registros utilizados en: 1
001 - CONTROL NUMBER
- control field: 38291
003 - CONTROL NUMBER IDENTIFIER
- control field: Co-BoUCM
005 - DATE AND TIME OF LATEST TRANSACTION
- control field: 20130527103524.0
008 - FIXED-LENGTH DATA ELEMENTS
- fixed length control field: 130527|| aca||aabn | a|a d
040 ## - CATALOGING SOURCE
- Original cataloging agency: Co-BoUCM
- Transcribing agency: Co-BoUCM
100 ## - HEADING--PERSONAL NAME
- Personal name: Avendaño, Alfonso de
- Titles and other words associated with a name: (O.P.)
- Dates associated with a name: m. 1596
670 ## - SOURCE DATA FOUND
- Source citation: Work cat.: (Co-BoUCM)69986: Avendaño, Alfonso de (O.P.) m. 1596, Commentaria in evangelium Divi Matthaei ..., 1593